Etica sin moral

Uloženo v:
Podrobná bibliografie
Hlavní autor: Cortina Orts, Adela (Autor)
Médium: Kniha
Jazyk:španělština
Vydáno: Madrid Tecnos 2000
Vydání:4a. ed
Témata:
Tagy: Přidat tag
Žádné tagy, Buďte první, kdo vytvoří štítek k tomuto záznamu!

MARC

LEADER 00000nam a2200000 a 4500
001 UCM3843
003 CL-VaPUC
008 020719e20000000SP |||||||||||||||||spa|d
082 0 4 |a 170  |b COR  |2 21 
100 0 |a Cortina Orts, Adela  |e author  |9 470465 
245 1 0 |a Etica sin moral 
250 |a 4a. ed 
300 |a 318 p 
942 |c BK 
945 |d 20020719 00:00:00  |a cmena 
260 |a Madrid  |b Tecnos  |c 2000 
650 0 |a Ética  |9 255099 
650 0 |a Filosofía moral   |9 310115 
650 0 |a Etica política   |9 255799 
650 0 |a Etica y derecho  |9 341370 
583 |a last modification  |c 20020719 00:00:00  |k Rodrigo Vera 
999 |c 300907  |d 300905 
952 |0 0  |1 0  |4 0  |6 170_000000000000000_COR_2000  |7 0  |8 A  |9 359302  |a BIBTEO  |b BIBTEO  |d 2019-11-21  |i 3831078  |o 170 COR 2000  |p 3831078  |r 2025-01-17  |w 2019-11-21  |y BK  |k ICR